The ethics of Islam / (Record no. 31915)
[ view plain ]
| 000 -LEADER | |
|---|---|
| fixed length control field | 00824nam a2200289 a 4500 |
| 001 - CONTROL NUMBER | |
| control field | 31915 |
| 003 - CONTROL NUMBER IDENTIFIER | |
| rucl marc code | BD-RjUL |
| 005 - DATE AND TIME OF LATEST TRANSACTION | |
| control field | 20211209051751.0 |
| 008 - FIXED-LENGTH DATA ELEMENTS--GENERAL INFORMATION | |
| fixed length control field | 181020s1980 bg 000 0 eng |
| 020 ## - INTERNATIONAL STANDARD BOOK NUMBER | |
| Terms of availability | : Tk. 2.00 |
| 035 ## - SYSTEM CONTROL NUMBER | |
| System control number | (BD-RjUL)32004 |
| 040 ## - CATALOGING SOURCE | |
| Original cataloging agency | DLC |
| Transcribing agency | DLC |
| Modifying agency | BD-RjUL |
| Language of cataloging | eng |
| 041 ## - LANGUAGE CODE | |
| Language code of text/sound track or separate title | eng |
| 082 00 - DEWEY DECIMAL CLASSIFICATION NUMBER | |
| Classification number | 297.5 |
| Author mark and year | ALE 1980 |
| Edition number | 23 |
| 100 1# - MAIN ENTRY--PERSONAL NAME | |
| Personal name | Ali, Syed Ameer, |
| Dates associated with a name | 1849-1928. |
| 9 (RLIN) | 55192 |
| 245 14 - TITLE STATEMENT | |
| Title | The ethics of Islam / |
| Statement of responsibility, etc. | by Syed Ameer Ali. |
| 250 ## - EDITION STATEMENT | |
| Edition statement | 1st ICCD ed. |
| 260 ## - PUBLICATION, DISTRIBUTION, ETC. (IMPRINT) | |
| Place of publication, distribution, etc. | Dacca: |
| Name of publisher, distributor, etc. | ICCD , |
| Date of publication, distribution, etc. | 1980 |
| 300 ## - PHYSICAL DESCRIPTION | |
| Pagination | 34, [1] p. ; |
| Size | 22 cm. |
| 490 ## - SERIES STATEMENT | |
| Series statement | ICCD Publications ; |
| Volume/sequential designation | 42 |
| Series statement | IFB Publications ; |
| Volume/sequential designation | 428 |
| 650 #0 - SUBJECT ADDED ENTRY--TOPICAL TERM | |
| Topical term or geographic name as entry element | Religious life |
| General subdivision | Islam. |
| 9 (RLIN) | 50242 |
| 830 ## - SERIES ADDED ENTRY--UNIFORM TITLE | |
| Uniform title | ICCD Publications ; |
| Volume number/sequential designation | 42 |
| Uniform title | IFB Publications ; |
| Volume number/sequential designation | 428 |
| 942 ## - ADDED ENTRY ELEMENTS (KOHA) | |
| Source of classification or shelving scheme | Dewey Decimal Classification |
| Koha item type | Books |
| Lost status | Source of classification or shelving scheme | Damaged status | Not for loan | Collection code | Permanent Location | Current Location | Shelving location | Date acquired | Source of acquisition | Total Checkouts | Full call number | Date last seen | Copy number | Koha item type | Cost, normal purchase price |
|---|---|---|---|---|---|---|---|---|---|---|---|---|---|---|---|
| Dewey Decimal Classification | Not For Loan | Non-fiction | Central Library, University of Rajshahi | Central Library, University of Rajshahi | Reading Room | 30/10/1983 | Isl. cul .cut. Raj | 297.5 ALE 1980 | 23/04/2014 | C-1 | Books | ||||
| Dewey Decimal Classification | Non-fiction | Central Library, University of Rajshahi | Central Library, University of Rajshahi | 30/10/1983 | Isl. Cul. cen. , Raj. | 297.5 ALE 1980 | 27/04/2014 | C-2 | Books | 0.00 |